| 000 | 01020nam a2200169Ia 4500 | ||
|---|---|---|---|
| 001 | 6553 | ||
| 008 | 260430s9999 xx 000 0 und d | ||
| 020 | _a9781906598648 | ||
| 245 | 0 |
_aRe:Viewing Egypt: _bImage and Echo/ _cPhotographs: Xavier Roy, Text: Gamal Al-Ghitani |
|
| 260 |
_aLondon; _bHaus Publishing Limited; _c2010 |
||
| 300 |
_a147p; _c25x23cm |
||
| 520 | _aThis book is a photographic exploration of Egypt by Xavier Roy, presenting a visually rich interpretation of the country’s landscapes, people, and cultural textures. The images emphasize themes such as light, repetition, and symbolism, encouraging viewers to interpret photography as metaphor rather than mere documentation. Accompanied by a reflective introduction by Gamal Al-Ghitani, the work blends visual art with literary insight, offering both an aesthetic and contemplative engagement with Egyptian identity and everyday life | ||
| 546 | _aEnglish | ||
| 650 | _aTR624-835 Technology- Applied Photography | ||
| 651 | _aEgypt | ||
| 942 | _cBK | ||
| 999 |
_c6553 _d6553 |
||